Hauptstädte der EU ohne Hinweise - Statistiken

Allgemein
  • Dieses Quiz wurde 307 mal gespielt
  • Das Durchschnittsergebnis liegt bei 22 aus 27
Antwortstatistiken
Länder Hauptstädte % Korrekt
Deutschland Berlin
98%
Frankreich Paris
96%
Spanien Madrid
94%
Österreich Wien
94%
Belgien Brüssel
91%
Italien Rom
91%
Portugal Lissabon
90%
Tschechien Prag
89%
Polen Warschau
88%
Niederlande Amsterdam
86%
Ungarn Budapest
85%
Schweden Stockholm
85%
Finnland Helsinki
84%
Griechenland Athen
83%
Dänemark Kopenhagen
83%
Rumänien Bukarest
82%
Luxemburg Luxemburg
82%
Bulgarien Sofia
78%
Kroatien Zagreb
78%
Irland Dublin
77%
Lettland Riga
77%
Estland Tallinn
76%
Litauen Vilnius
70%
Slowenien Ljubljana
68%
Slowakei Bratislava
66%
Malta Valletta
60%
Zypern Nikosia
43%
Keine übereinstimmenden Quizze gefunden
Verteilung der Resultate
Anzahl Personen mit jedem Resultat
Perzentil nach korrekt beantworteten Fragen
Ihre Resultats-Entwicklung
Sie haben dieses Quiz noch nicht gespielt